Manorama Year Book 2013 / (Record no. 2039)

000 -LEADER
fixed length control field 00535nam a2200217 a 4500
007 - PHYSICAL DESCRIPTION FIXED FIELD--GENERAL INFORMATION
fixed length control field ta
008 - FIXED-LENGTH DATA ELEMENTS--GENERAL INFORMATION
fixed length control field 200127r2013 ii a|||g |||| 001 0 eng d
020 ## - INTERNATIONAL STANDARD BOOK NUMBER
Terms of availability Rs. 200.00
040 ## - CATALOGING SOURCE
Original cataloging agency IMU Kochi Library
Language of cataloging eng
041 0# - LANGUAGE CODE
Language code of text/sound track or separate title eng
044 ## - COUNTRY OF PUBLISHING/PRODUCING ENTITY CODE
MARC country code India
082 04 - DEWEY DECIMAL CLASSIFICATION NUMBER
Edition number 23
Classification number 032
Item number M3172
245 10 - TITLE STATEMENT
Title Manorama Year Book 2013 /
260 ## - PUBLICATION, DISTRIBUTION, ETC. (IMPRINT)
Place of publication, distribution, etc Kottayam :
Name of publisher, distributor, etc Malayala Manorama ,
Date of publication, distribution, etc 2013 .
300 ## - PHYSICAL DESCRIPTION
Extent 1038 p . :
Other physical details Col. ill. ;
Dimensions 21 cm .
504 ## - BIBLIOGRAPHY, ETC. NOTE
Bibliography, etc Includes Index.
650 #0 - SUBJECT ADDED ENTRY--TOPICAL TERM
Topical term or geographic name as entry element Yearbooks
Form subdivision Handbooks, manuals, etc
852 ## - LOCATION/CALL NUMBER
Location IMU Kochi Library
904 ## - LOCAL DATA ELEMENT D, LDD (RLIN)
CATALOGER Reshma Rajesh
942 ## - ADDED ENTRY ELEMENTS (KOHA)
Item type Books
Holdings
Withdrawn status Lost status Source of classification or shelving scheme Damaged status Not for loan Collection code Permanent location Current location Shelving location Date acquired Source of acquisition Cost, normal purchase price Full call number Barcode Date last seen Koha item type Public note
          Reference IMU Kochi Library IMU Kochi Library Fiction & General 2013-12-06 M/s Gemini Books House(Inv. No.105 Dt 2013-12-05) 200.00 032 M3172 BK002558 2020-01-27 Books Shelf-18, Row-1
          Reference IMU Kochi Library IMU Kochi Library Fiction & General 2013-12-06 M/s Gemini Books House(Inv. No.105 Dt 2013-12-05) 200.00 032 M3172 BK002557 2020-01-27 Books Shelf-18, Row-1
          Reference IMU Kochi Library IMU Kochi Library Fiction & General 2013-10-29 M/s Gemini Books House(Inv. No.106 Dt 2013-12-05) 200.00 032 M3172 BK000960 2020-01-27 Books Shelf-18, Row-1


Copyright © All Rights Reserved by Indian Maritime University, Kochi Campus.
For any Suggestions/Query Contact to library or Email: library.kochi@imu.ac.in Ph:(0484)-2989402
(Web OPAC Designed by Rudra Ranjan. Maintained by IMU Kochi Library)

Powered by Koha